Liga Galega de Clubes (Natación) 2018-2019 - Estadísticas

Estadísticas generales
  • Esta prueba ha sido intentada 4 veces
  • La puntuación promedio es 16 de 27
Estadísticas de respuestas
Respuesta % Correcto
CN Coruña
100%
CN Ferrol
100%
CN Monforte de Lemos
100%
AD Fogar
67%
Club del Mar de San Amaro
67%
Club Fluvial de Lugo
67%
Club Marina Ferrol
67%
CN Arteixo
67%
CN Arzúa
67%
CN Boiro
67%
CN Galaico
67%
CN Liceo
67%
CN Mos
67%
CN Pabellón Ourense
67%
CN Ponteareas
67%
CN Portamiñá Lugo
67%
CN Redondela
67%
CN Vigo Rías Baixas
67%
RCN Vigo
67%
USC
67%
ADN Narón
33%
CDN Cidade de Santiago
33%
CN Culleredo
33%
CN Riveira
33%
CN Vilagarcía
33%
CN Xove
33%
AD Triatlón Oleiros
0%
No se encontraron pruebas coincidentes
Distribución de puntuación
Porcentaje de gente con cada puntuación
Porcentaje por número respondido
Historial de tus puntuaciones
No has intentado esta prueba.